Statistiques concernant Les maillots distinctifs des Grands Tours

Cliquez ici pour prendre le quiz!

Statistiques générales

  • Ce quiz a été pris 123 fois
    (122 depuis la dernière actualisation)
  • Le résultat moyen est 10 sur 12

Statistiques - réponses

Maillot ...% Correct
TDF : Leader du classement du meilleur jeuneblanc
100%
Giro : Leader du classement du meilleur jeuneblanc
100%
Vuelta : Leader du classement du meilleur jeuneblanc
100%
TDF : Leader du classement généraljaune
100%
TDF : Leader du classement par pointsvert
99%
Vuelta : Leader du classement par pointsvert
99%
Giro : Leader du classement généralrose
97%
Vuelta : Leader du classement généralrouge
94%
Giro : Leader du classement du meilleur grimpeurbleu
85%
TDF : Leader du classement du meilleur grimpeurblanc à pois rouges
61%
Giro : Leader du classement par pointscyclamen
33%
Vuelta : Leader du classement du meilleur grimpeurblanc à pois bleus
31%

Distribution des résultats

Percentile par nombre de réponses

% des personnes avec chaque résultat

Votre développement - résultats

Vous n’avez pas pris ce quiz depuis la dernière actualisation